Responses for show #3943 - Wednesday, October 24, 2001

2001 Tournament of Champions quarterfinal game 3.

(Sarah: I'm Sarah, and we're the Clue Crew. Swimming today on Jeopardy! Everybody into the pool!)
(Cheryl: I don't think so.)
(Sarah: Hey, guys! What's up?)
(Sofia: Buh-bye! How about lunch?)
(Cheryl: Oh yeah!)
(Sarah: Guys!)

Contestants

Ryan Moore, a partner in a start-up company from Venice, California

Michelle Clum, an executive assistant from Wichita, Kansas

Michael Arnone, a reporter from Arlington, Virginia

Jeopardy! Round responses

MOUNTAINS
COUPLES
THAT '70s SHOW
THE 13 COLONIES
FOOD & DRINK
2-LETTER WORDS
    $100 1
blindness

Michelle
    $100 7
Christopher Columbus

Michelle
    $100 2
Dallas

Michelle
    $100 14
Virginia

Michelle
    $100 21
eggnog

Michelle
    $100 26
mi

Michael
    $200 12
Mount Fuji

Michael
    $200 8
(Ryan: Who is Euclid?)
(Michael: Who is Pythagoras?)

Aristotle

MichaelMichelleRyan
    $200 3
Kung Fu

Michelle
    $200 15
Connecticut

Ryan
    $200 22
Nestea iced tea

Michael
    $200 27
up

Michelle
    $300 13
Rocky Mountains

Michelle
    $1,000 9
Bill Gates

Michelle
    $300 4
The Six Million Dollar Man

Ryan
    $300 16
(Ryan: What is New York?)

Delaware

MichaelRyan
    $300 23
Denmark

Michelle
    $300 28
(Michael: What is no?)

Ha!

Michael
Triple Stumper
    $400 19
(Michelle: What are the Catskills?)

Adirondacks

MichaelMichelle
    $400 10
Chiang Kai-shek

Michael
    $400 5
Chico and the Man

Michelle
    $400 17
Rhode Island

Michelle
    $400 24
fondue

Michael
    $400 29
[buzzer sounds to end the round]

Po

Michael
    $500 20
cedars

Michelle
    $500 11
(Michael: Who was Isak Dinesen?)

Anais Nin

Michael
Triple Stumper
    $500 6
Bridget Loves Bernie

Michelle
    $500 18
Maryland

Ryan
    $500 25
(Alex: We have a minute to go.)

black-eyed peas

Ryan

Scores at the first commercial break (after clue 14):

Michael Michelle Ryan
-$100 $3,000 $100

Scores at the end of the Jeopardy! Round:

Michael Michelle Ryan
$1,400 $4,100 $1,000

Double Jeopardy! Round responses

THE UNITED NATIONS
(Alex: Since this is United Nations Day.)
SOLD TO THE HIGHEST BIDDER
HISTORICAL NOVELS
FILMOGRAPHIES
BUSINESS & INDUSTRY
WHAT WORDS SHOULD REALLY MEAN
    $200 2
Kurt Waldheim

Michelle
    $200 8
Donald Trump

Michelle
    $200 7
Geoffrey Chaucer

Michelle
    $200 19
(Ryan: Who is Gregory Peck?)

Robert De Niro

Ryan
Triple Stumper
    $200 13
7-Up

Michelle
    $200 1
concave

Michelle
    $400 3
(Michelle: Who is Albright?)

Jeane Kirkpatrick

MichelleRyan
    $400 9
Bob Dylan

Michelle
    $400 14
The Agony and the Ecstasy

Michelle
    $400 20
Sylvester Stallone

Michael
    $400 30
Joseph Campbell

Michelle
    $400 18
peddler

Michelle
    $600 4
Security Council

Michelle
    $1,500 10
(Michelle: [no response])

Mary, Queen of Scots

Michelle
    $600 15
Larry McMurtry

Michelle
    $600 21
Jodie Foster

Ryan
    $600 29
(Ryan: What is Goodyear?)

Allstate

Ryan
Triple Stumper
    $600 27
handicap

Ryan
    $800 5
(Michael: Who is Rockefeller?)
(Alex: Be more specific.)

John D. Rockefeller

Michael
    $800 11
Claude Monet

Michelle
    $800 16
(Michael: What is the Battle of Thermopolis?)

Thermopylae

Michael
    $800 22
Clint Eastwood

Triple Stumper
    $1,200 28
the Pony Express

Ryan
    $800 26
farthing

Triple Stumper
    $1000 6
(Michael: What is beating plowshares into swords?)
(Alex: Michael, you got it backwards; the U.N.'s about peace, not the other way around!)

beating swords into plowshares

MichaelRyan
    $1000 12
Gerardus Mercator

Michelle
    $1000 17
Cold Mountain

Ryan
    $1000 23
(Alex: And we have a minute to go now.)

Michelle Pfeiffer

Michael
    $1000 24
Puma

Ryan
    $1000 25
(Michael: What is to divvy up?)

prorate

MichaelRyan

Scores at the end of the Double Jeopardy! Round:

Michael Michelle Ryan
$2,400 $7,800 $7,000

Final Jeopardy! Round responses

SPORTS ON TV
(Alex: Nancy Kerrigan & Tonya Harding competing.)
MichaelWhat is men's pro basketball?
$2,400
RyanWhat is Hockey?
$1,000
MichelleWhat is hockey?
$6,201
ladies' figure skating

Final scores:

Michael Michelle Ryan
$0 $1,599 $6,000
3rd place: $2,500 if eliminated 2nd place: $2,500 if eliminated Automatic semifinalist

Game dynamics:

Coryat scores:

Michael Michelle Ryan
$2,400 $8,600 $6,600
12 R,
5 W
28 R
(including 1 DD),
3 W
(including 1 DD)
12 R
(including 1 DD),
4 W

Combined Coryat: $17,600

The J! Archive is created by fans, for fans. The Jeopardy! game show and all elements thereof, including but not limited to copyright and trademark thereto, are the property of Jeopardy Productions, Inc. and are protected under law. This website is not affiliated with, sponsored by, or operated by Jeopardy Productions, Inc. Join the discussion at JBoard.tv.